00816naa#a2200193#i#4500001001500000005001700015011001400032100004100046102000700087200017600094210005700270215001000327608004500337700006000382700006200442700005200504700005200556856001400608RU\\bibl\1789320260704010544.6##a1609-3178##a20170824b2017####ek#y0rusy0150####ca##aRU1#aВибрационный контроль колёсно-моторных блоков электроподвижного составаeЖурнальная статья1#aСанкт-ПетербургcООО СВЕНd2017##a4 с.##aЖурнальная статья2local#1aКостюковgВладимир Николаевич#1aКостюковgАлексей Владимирович#1aКазаринgДенис Викторович#1aЗайцевgАндрей Валерьевич4#azh-szf.ru